CLASSICAL MECHANICS A COMPUTATIONAL APPROACH WITH EXAMPLES USING MATHEMATICAL AND PYTHON / (Record no. 589631)

000 -LEADER
fixed length control field 00357nam a22001337a 4500
020 ## - INTERNATIONAL STANDARD BOOK NUMBER
Qualifying information PB.
040 ## - CATALOGING SOURCE
Transcribing agency FIZZA ISHAQ
082 ## - DEWEY DECIMAL CLASSIFICATION NUMBER
Classification number 531
Author Mark KUL
100 ## - MAIN ENTRY--PERSONAL NAME
Personal name KULP.
9 (RLIN) 91513
245 ## - TITLE STATEMENT
Title CLASSICAL MECHANICS A COMPUTATIONAL APPROACH WITH EXAMPLES USING MATHEMATICAL AND PYTHON /
Statement of responsibility, etc. KULP.
260 ## - PUBLICATION, DISTRIBUTION, ETC.
Place of publication, distribution, etc. CRC PRESS ;
Date of publication, distribution, etc. 2021.
300 ## - PHYSICAL DESCRIPTION
Extent 455 P. ;
942 ## - ADDED ENTRY ELEMENTS (KOHA)
Source of classification or shelving scheme
Koha item type Book
Holdings
Withdrawn status Lost status Source of classification or shelving scheme Damaged status Not for loan Permanent Location Current Location Date acquired Total Checkouts Full call number Barcode Date last seen Price effective from Koha item type
          NUST Baluchistan Campus (NBC) NUST Baluchistan Campus (NBC) 05/11/2022   531 KUL Q-4057 05/11/2022 05/11/2022 Book
© 2023 Central Library, National University of Sciences and Technology. All Rights Reserved.